Word Ladder: Dustin Hoffman Movies Quiz Stats

Quiz Updated Oct 11, 2014

Challenge
Share
Tweet
Embed
Score 0/26 Timer 04:00
1 Play Today
Dustin Hoffman Movie 4-Letter Word % Correct
★ ''____ the Fockers'' (2004) ★MEET
98.1%
''Never ____ Kissed'' (1999)BEEN
97.9%
★ ''____ of Arc'' (1999) ★JOAN
97.4%
Red root vegetableBEET
97.1%
Navy, black, lima, e.g.BEAN
96.1%
The earth's natural satelliteMOON
95.7%
''The Prime of Miss ____ Brodie'' (1969)JEAN
95.2%
A sound caused by painMOAN
95.1%
★ '' ____ Tracy'' (1990) ★DICK
94.2%
ChoosePICK
94.1%
DomesticatedTAME
91.8%
Glance; seeLOOK
91.2%
Large, web-footed birdLOON
90.9%
Dustin Hoffman Movie 4-Letter Word % Correct
ThawMELT
90%
Imitate without soundMIME
89.9%
Crowd together; cramPACK
89.2%
Agreement; treatyPACT
89.1%
★ ''____ Chance Harvey'' (2008) ★LAST
88.6%
★ ''Straight ____'' (1978) ★TIME
88.3%
Elapsed in timePAST
87.4%
Deduct from wagesDOCK
81.5%
★ ''The ____ of Despereaux'' (2008) ★TALE
78.6%
★ ''____'' (1991) ★HOOK
77.3%
To pawnHOCK
76.1%
★ ''Moonlight ____'' (2002) ★MILE
70.7%
Jazz vibraphonist ____ JacksonMILT
69.9%

Today's Daily Dose

You're not logged in!

Compare scores with friends on all Sporcle quizzes.
Sign Up with Email
OR
Log In

You Might Also Like...

Show Comments

Extras

Top Quizzes Today


Score Distribution

Your Account Isn't Verified!

In order to create a playlist on Sporcle, you need to verify the email address you used during registration. Go to your Sporcle Settings to finish the process.